000 00625cam a22002291 4500
001 sa 67003054
003 DLC
005 20260227112335.0
008 780629s1966 ii 000 0 eng
010 _asa 67003054
035 _a(OCoLC)4018684
040 _aDLC
_cABAU
_dDLC
042 _apremarc
050 0 0 _aHC435
_b.R58
082 _a338.91/73/054
100 1 _aRoy, Ajit.
245 1 0 _aEconomics and politics of U. S. foreign aid.
260 _aCalcutta,
_bNational Publishers
_c[1966]
300 _axv, 76 p.
_c23 cm.
504 _aBibliographical footnotes.
650 0 _aEconomic assistance, American
_zIndia.
999 _c73603
_d73603